LEADER 01043nam a2200229 i 4500 001 000000171828 003 CaOOAMICUS 005 20080515000000.0 008 080515s1969 it u000 u ita u 013 $a149260 040 $aSeMil$bita 100 1 $aSaltykov-Scedrin, Michail Evgrafovic <1826-1889>.$0(OLS)http://semarc/name/19494 240 10$aGospoda Golovlèvy.$0(OLS)http://semarc/title/245911 245 12$aI signori Golovlev /$cMichail E. Saltykov ; A cura di Renato Risaliti. 260 $aTorino :$bUnione Tipografico-Editrice Torinese,$cstampa 1969. 300 $a419 p., [1] p. di ritratto ;$c19 cm. 500 $aContiene : Nota biografica ; Bibliografia essenziale di Saltykov-Scedrin. 700 1 $aRisaliti, Renato.$0(OLS)http://semarc/name/64280 850 $aSeMil 852 $aSeMil$W1$xVenegono$y1$m1W III 135$j122692$B122692$CSeMilBibl$Z2$F134079 $81 996 $6245$aI signori Golovlev$9(OLS)http://semarc/title/245910 996 $6260$aTorino :$bUnione Tipografico-Editrice Torinese$9(OLS)http://semarc/publisher/29628 LEADER 01050nam a2200253 i 4500 001 000000043904 003 CaOOAMICUS 005 20100322000000.0 008 100322s1980 it u000 u ita u 013 $a15074 040 $aSeMil$bita 100 1 $aBadaloni, Maria.$0(OLS)http://semarc/name/21483 245 10$aVocazione secolare e impegno professionale /$cMaria Badaloni. 260 $aMilano :$bO.R.,$c1980. 300 $a141 p. ;$c20 cm. 490 0 $aGli Istituti Secolari nella Chiesa contemporanea ;$v2 650 4$aVocazioni religiose.$0(OLS)http://semarc/subject/5585 650 4$aIstituti secolari.$0(OLS)http://semarc/subject/5771 830 4$aGli Istituti Secolari nella Chiesa contemporanea ;$v2.$0(OLS)http://semarc/title/10576 850 $aSeMil 852 $aSeMil$W1$xVenegono$y1$m3F V 461$j10059$B10059$CSeMilBibl$Z2$F10059 $81 961 $aOmaggio: Donazione 996 $6245$aVocazione secolare e impegno professionale$9(OLS)http://semarc/title/64682 996 $6260$aMilano :$bO.R.$9(OLS)http://semarc/publisher/29789